Movies Quiz

Random Movies or Musical Quiz

Golden Globe Movie Comedy/Musical Winners 1980-1999 Quiz Stats

 Plays Quiz not verified by Sporcle

Challenge
Share
Tweet
Embed
Score 0/40 Timer 05:00
0 Plays Today
Question Answer Wrong Answers
Lead Actress - 1980 Sissy Spacek - Coal Miner's Daughter
75.9%
Goldie Hawn - Private Benjamin
22.4%
Lead Actor - 1981 Dudley Moore - Arthur
75.9%
Steve Martin - Pennies from Heaven
20.7%
Lead Actor - 1982 Dustin Hoffman - Tootsie
75.9%
Peter O'Toole - My Favorite Year
17.2%
Lead Actress - 1982 Julie Andrews - Victor Victoria
74.1%
Sally Field - Kiss Me Goodbye
15.5%
Lead Actress - 1987 Cher - Moonstruck
72.4%
Holly Hunter - Broadcast News
6.9%
Lead Actress - 1989 Jessica Tandy - Driving Miss Daisy
72.4%
Meryl Streep - She-Devil
5.2%
Lead Actor - 1997 Jack Nicholson - As Good as It Gets
67.2%
Jim Carrey - Liar Liar
1.7%
Lead Actor - 1985 Jack Nicholson - Prizzi's Honor
67.2%
Jeff Daniels - The Purple Rose of Cairo
13.8%
Lead Actor - 1989 Morgan Freeman - Driving Miss Daisy
65.5%
Michael Douglas - The War of the Roses
12.1%
Lead Actress - 1990 Julia Roberts - Pretty Woman
60.3%
Demi Moore - Ghost
17.2%
Lead Actor - 1983 Michael Caine - Educating Rita
60.3%
Tom Cruise - Risky Business
27.6%
Lead Actor - 1991 Robin Williams - The Fisher King
58.6%
Dustin Hoffman - Hook
19%
Lead Actress - 1997 Helen Hunt - As Good as It Gets
58.6%
Julia Roberts - My Best Friend's Wedding
10.3%
Lead Actress - 1988 Melanie Griffith - Working Girl
58.6%
Susan Sarandon - Bull Durham
20.7%
Lead Actress - 1998 Gwyneth Paltrow - Shakespeare in Love
58.6%
Cameron Diaz - There's Something About Mary
10.3%
Lead Actor - 1996 Tom Cruise - Jerry Maguire
56.9%
Antonio Banderas - Evita
12.1%
Lead Actor - 1999 Jim Carrey - Man on the Moon
56.9%
Sean Penn - Sweet and Lowdown
12.1%
Lead Actor - 1993 Robin Williams - Mrs. Doubtfire
53.4%
Tom Hanks - Sleepless in Seattle
19%
Lead Actress - 1984 Kathleen Turner - Romancing the Stone
53.4%
Lily Tomlin - All of Me
29.3%
Lead Actor - 1988 Tom Hanks - Big
51.7%
John Cleese - A Fish Called Wanda
27.6%
Lead Actor - 1984 Dudley Moore - Micki + Maude
50%
Bill Murray - Ghostbusters
34.5%
Lead Actor - 1986 Paul Hogan - Crocodile Dundee
50%
Danny DeVito - Ruthless People
29.3%
Lead Actor - 1987 Robin Williams - Good Morning, Vietnam
48.3%
William Hurt - Broadcast News
31%
Lead Actress - 1991 Bette Midler - For the Boys
48.3%
Anjelica Huston - The Addams Family
29.3%
Lead Actress - 1985 Kathleen Turner - Prizzi's Honor
48.3%
Sally Field - Murphy's Romance
32.8%
Lead Actor - 1992 Tim Robbins - The Player
48.3%
Billy Crystal - Mr. Saturday Night
27.6%
Lead Actor - 1994 Hugh Grant - Four Weddings and a Funeral
46.6%
Johnny Depp - Ed Wood
22.4%
Lead Actress - 1993 Angels Bassett - What's Love Got to Do with It
37.9%
Meg Ryan - Sleepless in Seattle
32.8%
Lead Actress - 1981 Bernadette Peters - Pennies from Heaven
37.9%
Liza Minnelli - Arthur
56.9%
Lead Actor - 1990 Gérard Depardieu - Green Card
36.2%
Richard Gere - Pretty Woman
41.4%
Lead Actress - 1996 Madonna - Evita
36.2%
Frances McDormand - Fargo
32.8%
Lead Actress - 1983 Julie Walters - Educating Rita
34.5%
Barbra Streisand - Yentl
50%
Lead Actress - 1994 Jamie Lee Curtis - True Lies
34.5%
Shirley MacLaine - Guarding Tess
34.5%
Lead Actor - 1998 Michael Caine - Little Voice
34.5%
John Travolta - Primary Colors
34.5%
Lead Actress - 1986 Sissy Spacek - Crimes of the Heart
32.8%
Kathleen Turner - Peggy Sue Got Married
46.6%
Lead Actor - 1980 Ray Sharkey - The Idolmaker
29.3%
Tommy Lee Jones - Coal Miner's Daughter
70.7%
Lead Actress - 1995 Nicole Kidman - To Die For
29.3%
Annette Bening - The American President
39.7%
Lead Actress - 1992 Miranda Richardson - Enchanted April
27.6%
Whoopi Goldberg - Sister Act
44.8%
Lead Actress - 1999 Janet McTeer - Tumbleweeds
22.4%
Julia Roberts - Notting Hill
46.6%
Lead Actor - 1995 John Travolta - Get Shorty
19%
Michael Douglas - The American President
50%

You're not logged in!

Compare scores with friends on all Sporcle quizzes.
Join for Free
OR
Log In

You Might Also Like...

Show Comments

Extras

Top Quizzes Today


Score Distribution

Your Account Isn't Verified!

In order to create a playlist on Sporcle, you need to verify the email address you used during registration. Go to your Sporcle Settings to finish the process.

Report this User

Report this user for behavior that violates our Community Guidelines.

Details: